Score 0/20 Timer 03:00
0 Plays Today
Movie Title Missing Word % Correct
Indiana _______ and the Last CrusadeJones✬
96.7%
____ to Lose a Guy in 10 Days✯How
96.4%
Wild Wild _____✬West
95.2%
The Adventures of ____ Sawyer✬Tom
94.8%
That's ___ BoyMy
92.6%
The ______ HornetGreen
89.7%
_______ of the Bride(-)Father✯
88.5%
An _________ Werewolf in London✬American
86.6%
How the West ____ WonWas
85.4%
The Blind _____Side
85%
Movie Title Missing Word % Correct
________ at Bernie'sWeekend✯
82%
Last Tango in ______Paris✬
79%
______ Canyon✯Grand
70.4%
The Philadelphia _______Story✬
70.1%
The _____ Boys✯Lost
67.1%
Let the Right One ___In
64.6%
Oh, ____!✯God(-)
54.8%
______ for DogsHotel✯
41.1%
In the _______ of ElahValley✯
41.1%
______ & Company✬Oliver✬
37.2%

Today's Daily Dose

Remove Ads.
Support Sporcle.
Get the best of Sporcle when you Go Orange. This ad-free experience offers more features, more stats, and more fun while also helping to support Sporcle. Thank you for becoming a member.

You're not logged in!

Compare scores with friends on all Sporcle quizzes.
OR
Log In

Show Comments

Extras

Top Quizzes Today


Score Distribution

Your Account Isn't Verified!

In order to create a playlist on Sporcle, you need to verify the email address you used during registration. Go to your Sporcle Settings to finish the process.

Report this User

Report this user for behavior that violates our Community Guidelines.

Details: